Community Health Nursing -II Semester -VII (Record no. 367135)

MARC details
000 -LEADER
fixed length control field 00602nam a22002057a 4500
003 - CONTROL NUMBER IDENTIFIER
control field OSt
005 - DATE AND TIME OF LATEST TRANSACTION
control field 20260220120245.0
008 - FIXED-LENGTH DATA ELEMENTS--GENERAL INFORMATION
fixed length control field 250701b |||||||| |||| 00| 0 eng d
020 ## - INTERNATIONAL STANDARD BOOK NUMBER
International Standard Book Number 9789366169798
041 ## - LANGUAGE CODE
Language code of text/sound track or separate title ENG
082 ## - DEWEY DECIMAL CLASSIFICATION NUMBER
Edition number 23
Classification number 610.7343
100 ## - MAIN ENTRY--PERSONAL NAME
Personal name Bandana
9 (RLIN) 180188
245 ## - TITLE STATEMENT
Title Community Health Nursing -II Semester -VII
Remainder of title As per the Revised INC Syllabus BSc. Nursing
250 ## - EDITION STATEMENT
Edition statement 1st Edition
260 ## - PUBLICATION, DISTRIBUTION, ETC. (IMPRINT)
Place of publication, distribution, etc. New Delhi
Name of publisher, distributor, etc. Jaypee Brothers Medical Publishers
Date of publication, distribution, etc. 2025
300 ## - PHYSICAL DESCRIPTION
Extent XXVIII;534P.
651 ## - SUBJECT ADDED ENTRY--GEOGRAPHIC NAME
Geographic name Community Health Nursing
700 ## - ADDED ENTRY--PERSONAL NAME
Personal name Kaur, Taranpreet
9 (RLIN) 212483
942 ## - ADDED ENTRY ELEMENTS (KOHA)
Source of classification or shelving scheme Dewey Decimal Classification
Koha item type Books
Holdings
Withdrawn status Lost status Source of classification or shelving scheme Damaged status Not for loan Home library Current library Date acquired Vendor Cost, normal purchase price Full call number Barcode Date last seen Cost, replacement price Bill Date Koha item type Total Checkouts Checked out Date last checked out Total Renewals
    Dewey Decimal Classification     Sitabai Nargundkar College of Nursing Nagpur Sitabai Nargundkar College of Nursing Nagpur 26/06/2025 Donated by Sneha Radheshyam Pingale 995.00 610.7343/BAN SNCN-DB-331 01/07/2025 995.00 26/06/2025 Donated Book        
    Dewey Decimal Classification     Sitabai Nargundkar College of Nursing Nagpur Sitabai Nargundkar College of Nursing Nagpur 25/09/2025 108 646.75 610.7343 SNCN-BK-3657 25/03/2026 995.00 25/09/2025 Books 7 09/04/2026 25/03/2026  
    Dewey Decimal Classification     Sitabai Nargundkar College of Nursing Nagpur Sitabai Nargundkar College of Nursing Nagpur 25/09/2025 108 646.75 610.7343 SNCN-BK-3656 01/04/2026 995.00 25/09/2025 Books 9 20/04/2026 01/04/2026 1
    Dewey Decimal Classification     Sitabai Nargundkar College of Nursing Nagpur Sitabai Nargundkar College of Nursing Nagpur 25/09/2025 108 646.75 610.7343 SNCN-BK-3653 12/05/2026 995.00 25/09/2025 Reference book 7   01/04/2026  
    Dewey Decimal Classification     Sitabai Nargundkar College of Nursing Nagpur Sitabai Nargundkar College of Nursing Nagpur 25/09/2025 108 646.75 610.7343 SNCN-BK-3654 25/03/2026 995.00 25/09/2025 Books 11 09/04/2026 25/03/2026  
    Dewey Decimal Classification     Sitabai Nargundkar College of Nursing Nagpur Sitabai Nargundkar College of Nursing Nagpur 25/09/2025 108 646.75 610.7343 SNCN-BK-3655 01/04/2026 995.00 25/09/2025 Books 11 20/04/2026 01/04/2026 1